Gramática española y comentario de textos

में बचाया:
ग्रंथसूची विवरण
मुख्य लेखक: Criado de Val, Manuel
स्वरूप: पुस्तक
भाषा:Undetermined
प्रकाशित: Madrid, España SAETA 1958
संस्करण:2
विषय:
टैग: टैग जोड़ें
कोई टैग नहीं, इस रिकॉर्ड को टैग करने वाले पहले व्यक्ति बनें!

MARC

LEADER 00000nam a2200000Ia 4500
008 170316s9999 xx 000 0 und d
090 |a 415-E C-10g 
100 |a Criado de Val, Manuel 
245 |a Gramática española y comentario de textos 
250 |a 2 
260 |a Madrid, España 
260 |b SAETA 
260 |c 1958 
300 |a 278 páginas 
650 |a GRAMÁTICA ESPAÑOLA 
999 |c 18930  |d 18930 
040 |a cru BVZT 
942 |c 15 D  |h 415-E C-10g  |2 z